| 000 | 00565nam a2200205Ia 4500 | ||
|---|---|---|---|
| 005 | 20250508161524.0 | ||
| 008 | 008 250505s9999 xx 000 0 eng d | ||
| 037 | _aBooks to be hide in OPAC | ||
| 040 |
_aFEDL _beng _cFEDL |
||
| 041 |
_aeng _2eng |
||
| 084 |
_a420.7, RYB/O _qFEDL |
||
| 100 |
_aRyburn W M _991386 |
||
| 245 | 0 | _aTeaching of english | |
| 250 | _a6 | ||
| 260 |
_aLondon, UK _bOxford University Press _c1951 |
||
| 300 | _ax,175p | ||
| 490 | _aTeaching in India Series | ||
| 942 |
_cHB _h420.7, RYB/O |
||
| 999 |
_c1370508 _d1370508 |
||